| 000 | 00733cam a2200241 a 4500 | ||
|---|---|---|---|
| 001 | 14529516 | ||
| 005 | 20171228060143.0 | ||
| 008 | 060831s2007 txua b 000 0 eng | ||
| 010 | _a 2006933871 | ||
| 020 | _a9781933538730 (hbk. : alk. paper) | ||
| 020 | _a1933538732 (hbk. : alk. paper) | ||
| 040 |
_aDLC _cDLC _dDLC |
||
| 041 | _aeng | ||
| 080 | _a909.07 THOS | ||
| 082 | 0 | 0 |
_a909.07 THOS _222 |
| 100 | 1 | _a16 | |
| 101 | _aHIS | ||
| 245 | 1 | 0 |
_aIdeas and adventures, 1200 to 1700 / _cSonia Seherr-Thoss. |
| 504 | _aIncludes bibliographical references (p. 403). | ||
| 906 |
_a7 _bcbc _corignew _d2 _eepcn _f20 _gy-gencatlg |
||
| 942 |
_2ddc _cBK |
||
| 999 |
_c39554 _d39554 |
||